| 000 | 05710nkc a22005057a 4500 | ||
|---|---|---|---|
| 001 | 85825 | ||
| 005 | 20260429113039.0 | ||
| 007 | kh boc | ||
| 008 | 260421s1890 sp ||||| |||| |0| i|spa d | ||
| 040 |
_aM-RABA _bspa _cM-RABA |
||
| 245 | 0 | 3 |
_a[El Escorial _b: vistas y monumentos] _h[Material gráfico] |
| 260 | _c1890 | ||
| 300 |
_a12 fotografías _b: aristotipo _c; imagen 11 x 8 cm _c; soporte secundario 19 x 16 cm |
||
| 500 | 0 | 0 | _aConjunto de 12 fotografías del Escorial que muestran diferentes vistas del monumento, paisajes de sus alrededores y estancias interiores. |
| 500 | 0 | 0 | _aNota manuscrita a tinta en el verso del soporte secundario que indica ubicación y fecha: Fot-712: "Escorial. La Villa de Felipe II. Septiembre 1890"-- Fot-713: "Escorial. Villa de Felipe II. Año 1890" -- Fot-714: "El Escorial. Galería de los Convalecientes. Stbre. 1890" -- Fot-715: "El Escorial. Galería de los Convalecientes. Stbre, 1890" -- Fot-716: "Escorial. Jardín de los Frailes. Stbre. 1890" -- Fot-717: "El Escorial. Fachada sur. Stbre. 1890" -- Fot-718: "Escorial. Patio de los Reyes. Stbre. 1890" -- Fot-719: "Escorial. Patio de los Reyes. Stbre. 1890" -- Fot-720: "El Escorial. Patio de los Reyes. Stbre. 1890" -- Fot-721: "El Escorial. Fachada pral. del Monasterio. Stbre. 1890" -- Fot-722: Nota a tinta: "Escorial. Fachada. Parte del Monasterio. Stbre. 1890". Nota a lápiz: "El Escorial. Fachada Norte" -- Fot-723: "El Escorial. Techo de la escalera pral. Septiembre 1890". |
| 610 | 2 | 7 |
_aMonasterio de El Escorial. _2embne _975835 |
| 651 | 7 |
_aSan Lorenzo de el Escorial (Madrid, España) _94748 |
|
| 655 | 0 |
_aFotografías de monumentos _9111580 |
|
| 852 | _jFot-712; Fot-713; Fot-714; Fot-715; Fot-716; Fot-717; Fot-718; Fot-719; Fot-720; Fot-721; Fot-722; Fot-723 | ||
| 856 |
_uhttps://archivoybiblioteca.realacademiabellasartessanfernando.com/cgi-bin/koha/opac-retrieve-file.pl?id=78d481818ed89f3eae8b32c7118fb070 _yFot-712r |
||
| 856 |
_uhttps://archivoybiblioteca.realacademiabellasartessanfernando.com/cgi-bin/koha/opac-retrieve-file.pl?id=e73ef6fcce61494c55556a9120304dfc _yFot-712v |
||
| 856 |
_uhttps://archivoybiblioteca.realacademiabellasartessanfernando.com/cgi-bin/koha/opac-retrieve-file.pl?id=cf2c26681627079a8c8599c069b12612 _yFot-713r |
||
| 856 |
_uhttps://archivoybiblioteca.realacademiabellasartessanfernando.com/cgi-bin/koha/opac-retrieve-file.pl?id=db0478845d8f2cd5f201ccdb14748b9c _yFot-713v |
||
| 856 |
_uhttps://archivoybiblioteca.realacademiabellasartessanfernando.com/cgi-bin/koha/opac-retrieve-file.pl?id=ab03b822108290a2fb9389e5df3bdd6f _yFot-714r |
||
| 856 |
_uhttps://archivoybiblioteca.realacademiabellasartessanfernando.com/cgi-bin/koha/opac-retrieve-file.pl?id=def77d4fc462f704d8b165d2fb11bdfb _yFot-714v |
||
| 856 |
_uhttps://archivoybiblioteca.realacademiabellasartessanfernando.com/cgi-bin/koha/opac-retrieve-file.pl?id=82510f1e43485c46a24bebfc94616cd7 _yFot-715r |
||
| 856 |
_uhttps://archivoybiblioteca.realacademiabellasartessanfernando.com/cgi-bin/koha/opac-retrieve-file.pl?id=6f56822749ea1bcafb88185cb3b1b8d4 _yFot-715v |
||
| 856 |
_uhttps://archivoybiblioteca.realacademiabellasartessanfernando.com/cgi-bin/koha/opac-retrieve-file.pl?id=dcf74b8eba51429932d9c9b5defb3390 _yFot-716r |
||
| 856 |
_uhttps://archivoybiblioteca.realacademiabellasartessanfernando.com/cgi-bin/koha/opac-retrieve-file.pl?id=68fc8a14b81f188849b865228d96d3d7 _yFot-716v |
||
| 856 |
_uhttps://archivoybiblioteca.realacademiabellasartessanfernando.com/cgi-bin/koha/opac-retrieve-file.pl?id=0ecc836ac588aec5a83bad17960ab162 _yFot-717r |
||
| 856 |
_uhttps://archivoybiblioteca.realacademiabellasartessanfernando.com/cgi-bin/koha/opac-retrieve-file.pl?id=3f467654d1d6e25bb3567cb94f7b8e3a _yFot-717v |
||
| 856 |
_uhttps://archivoybiblioteca.realacademiabellasartessanfernando.com/cgi-bin/koha/opac-retrieve-file.pl?id=0774eaabee9a76d4069d66bab7c2ce8e _yFot-718r |
||
| 856 |
_uhttps://archivoybiblioteca.realacademiabellasartessanfernando.com/cgi-bin/koha/opac-retrieve-file.pl?id=6a971cc9a6a53ab8791f168644856468 _yFot-718v |
||
| 856 |
_uhttps://archivoybiblioteca.realacademiabellasartessanfernando.com/cgi-bin/koha/opac-retrieve-file.pl?id=ae2fcabadde955ceaab6fc9343aa7416 _yFot-719r |
||
| 856 |
_uhttps://archivoybiblioteca.realacademiabellasartessanfernando.com/cgi-bin/koha/opac-retrieve-file.pl?id=a32ce33340a3e5720086c7a93596bae4 _yFot-719v |
||
| 856 |
_uhttps://archivoybiblioteca.realacademiabellasartessanfernando.com/cgi-bin/koha/opac-retrieve-file.pl?id=cd512a54246a99ed539222ba44920694 _yFot-720r |
||
| 856 |
_uhttps://archivoybiblioteca.realacademiabellasartessanfernando.com/cgi-bin/koha/opac-retrieve-file.pl?id=2f22547ceeb3f8b144f1c86d9adfd184 _yFot-720v |
||
| 856 |
_uhttps://archivoybiblioteca.realacademiabellasartessanfernando.com/cgi-bin/koha/opac-retrieve-file.pl?id=b00ba0ba34e910c9a866878ffa70129b _yFot-721r |
||
| 856 |
_uhttps://archivoybiblioteca.realacademiabellasartessanfernando.com/cgi-bin/koha/opac-retrieve-file.pl?id=7a6bd5b600d4f806d8344994f413bb52 _yFot-721v |
||
| 856 |
_uhttps://archivoybiblioteca.realacademiabellasartessanfernando.com/cgi-bin/koha/opac-retrieve-file.pl?id=94067b4e788bd6aa97574c6aacad9ba9 _yFot-722r |
||
| 856 |
_uhttps://archivoybiblioteca.realacademiabellasartessanfernando.com/cgi-bin/koha/opac-retrieve-file.pl?id=a0f71e52cbcf033238519d2bc39701d2 _yFot-722v |
||
| 856 |
_uhttps://archivoybiblioteca.realacademiabellasartessanfernando.com/cgi-bin/koha/opac-retrieve-file.pl?id=7c22ffb81ae6e5fc012af3e360f1479d _yFot-723r |
||
| 856 |
_uhttps://archivoybiblioteca.realacademiabellasartessanfernando.com/cgi-bin/koha/opac-retrieve-file.pl?id=0d4bb4f0bdcfc5ca61c4e9a7b1cabd0c _yFot-723v |
||
| 942 |
_cFOTOGRAFÍA _n0 |
||
| 999 |
_c85825 _d85825 |
||